00353nam a2200133Ia 4500003000400000008004100004040001600045082001300061100001800074245005500092260004800147300001000195650001400205GCL140319s9999 xx 000 0 eng d aGCL / cGCL04a910bF F1 aFUSON, ROBERT10aFUNDAMENTAL PLACE NAME GEOGRAPHY / cFUSON, ROBERT a[S.N] : bWM. C. BROWN PUBLISHERS ، c1995 a145 P04aGEOGRAPHY